| 000 | 00719nam a2200217Ia 4500 | ||
|---|---|---|---|
| 003 | GCL | ||
| 008 | 140319s9999 xx 000 0 ara d | ||
| 040 |
_aGCL / _cGCL |
||
| 082 | 0 | 4 |
_a819 _bج ب |
| 100 | 1 | _aقسم اللغة العربية | |
| 245 | 1 | 0 |
_aكتاب البخلاء للجاحظ : دراسة اسلوبية لغوية / _cقسم اللغة العربية |
| 700 | 1 | _aسعدية مصطفى محمد | |
| 700 | 1 | _aمحمد عونى عبدالرؤوف | |
| 260 |
_a[S.N] : _bكلية الالسن ، _c1992 |
||
| 300 | _aمتعدد الترقيم | ||
| 490 | _a | ||
| 650 | 0 | 4 | _aالادب العربى |
| 650 | 0 | 4 | _aالبلاغة العربية |
| 650 | 0 | 4 | _aالمجموعات |
| 942 |
_2ddc _cBK |
||
| 999 |
_c30207 _d30207 |
||